| 000 | 00407nam a22001457a 4500 | ||
|---|---|---|---|
| 003 | OSt | ||
| 082 |
_a631.3 _bCHA/DE |
||
| 088 | _aT600 | ||
| 100 |
_aChandrashekar _95743 |
||
| 245 | _aDevelopment of ergonomic evaluation of a spading machine as an attachment to power tiller / | ||
| 260 |
_bDept. of Farm Machinery and Power Engineering _c2023 |
||
| 300 | _a162p. | ||
| 700 |
_aSam, Bini _95744 |
||
| 942 | _cTH | ||
| 999 |
_c18068 _d18068 |
||